Stability and transition in shear flows

Αποθηκεύτηκε σε:
Λεπτομέρειες βιβλιογραφικής εγγραφής
Κύριος συγγραφέας: Schmid, Peter J.
Άλλοι συγγραφείς: Henningson, Dan S.
Μορφή: Βιβλίο
Γλώσσα:English
Δημοσίευση: New York : Springer, c2001
Σειρά:Applied mathematical sciences (Springer-Verlag New York Inc.) ; 142
Θέματα:
Ετικέτες: Προσθήκη ετικέτας
Δεν υπάρχουν, Καταχωρήστε ετικέτα πρώτοι!

MARC

LEADER 00000nam a2200000 i 4500
001 1/38277
008 131114s2001 eng d
020 |a 978-0-387-98985-3 
035 |l 10115989 
040 |a GR-MY-UA  |b gre  |e aacr 
041 0 |a eng 
082 0 |a 532.051  |2 (22) 
100 1 |a Schmid, Peter J. 
245 1 0 |a Stability and transition in shear flows /  |c Peter J. Schmid, Dan S. Henningson 
260 |a New York :   |b Springer,   |c c2001 
300 |a xiii, 556 σ.;  |b εικ.;  |c 25 εκ. 
490 1 |a Applied mathematical sciences  |v ; 142 
504 |a Βιβλιογραφία: σ.[529]-550. Ευρετήριο 
650 0 0 |a Shear flow. 
650 0 0 |a Stability. 
700 1 |a Henningson, Dan S. 
830 0 |a Applied mathematical sciences (Springer-Verlag New York Inc.)  |v ; 142 
852 |a INST  |b SAMOS  |e 20131114  |h 532.051 SCH  |p 005300036009  |q 005300036009  |t BK  |y 0 
901 |a BIBL3-2013-3 
909 |a Σ  |b 179471 
922 |a 3ΕΛΗ  |b 201306  |c ΤΜΗΜΑ ΜΑΘΗΜΑΤΙΚΩΝ  |d ΔΙΑΔΡΟΜΕΣ/ΔΡΕΣ 
970 |a ΚΟΣΙΕΡΗΣ  |b ΧΡΗΣΤΟΣ  |z 2013/11/14